000 00358nam a2200133Ia 4500
008 100328s9999 xx 000 0 und d
082 _b60238
100 _aवाघे हेमंत.
245 _aटिटॅनिक.
260 _bगं्रथाली.
630 _aटिटॅनिक.
730 _aटिटॅनिक.
942 _cBOOK
999 _c546400
_d546397